Every Pokémon Game - Statistics

General Stats
  • This quiz has been taken 16 times
  • The average score is 53 of 102
Answer Stats
Created Generation Game % Correct
1998 1 Blue
100%
2001 2 Crystal
100%
2000 2 Gold
100%
1995 1 Red
100%
2000 2 Silver
100%
2013 6 Y
100%
1999 1 Yellow
100%
2007 4 Diamond
92%
2005 3 Emerald
92%
1996 1 Green
92%
2010 4 HeartGold
92%
2007 4 Pearl
92%
2009 4 Platinum
92%
2003 3 Ruby
92%
2003 3 Sapphire
92%
2010 4 SoulSilver
92%
2013 6 X
92%
2011 5 Black
85%
2004 3 FireRed
85%
2004 3 LeafGreen
85%
2022 8 Legends: Arceus
85%
2018 7 Let's Go Eevee
85%
2018 7 Let's Go Pikachu
85%
2016 7 Moon
85%
2019 8 Shield
85%
2016 7 Sun
85%
2019 8 Sword
85%
2017 7 Ultra Moon
85%
2017 7 Ultra Sun
85%
2014 6 Alpha Sapphire
77%
2012 5 Black 2
77%
2014 6 Omega Ruby
77%
2022 9 Scarlet
77%
2021 8 Shining Pearl
77%
2022 9 Violet
77%
2011 5 White
77%
2012 5 White 2
77%
2021 8 Brilliant Diamond
69%
2004 3 Colosseum
69%
2006 3 Ranger
69%
2000 1 Stadium
69%
2001 2 Stadium 2
62%
2005 3 XD: Gale of Darkness
62%
2000 2 Hey You Pikachu!
54%
1999 1 Pinball
54%
2008 4 Ranger: Shadows of Almia
54%
1999 1 Snap
54%
2001 SSB Super Smash Bros. Melee
54%
2018 SSB Super Smash Bros. Ultimate
54%
2007 4 Battle Revolution
46%
2016 Multiple Pokémon Go
46%
2016 6 Pokkén Tournament
46%
2008 4 Super Smash Bros. Brawl
46%
1999 Multiple TCG
46%
2018 7 Detective Pikachu
38%
2011 5 Pokedex 3D
38%
2004 3 Pokémon Box
38%
2012 5 PokéPark 2
38%
2010 4 PokéPark Wii
38%
2000 1 Puzzle League
38%
2018 7 Quest
38%
2010 4 Ranger: Guardian Signs
38%
1999 SSB Super Smash Bros. 64
38%
2006 3 Trozei
38%
2021 8 Unite
38%
2014 6 Bank
31%
2020 8 Café Remix
31%
2012 5 Conquest
31%
2023 9 and 7 Detective Pikachu Returns
31%
2021 8 and 1 NEW Snap
31%
2003 3 Pokémon Channel
31%
2023 9 Pokémon Sleep
31%
2017 7 Pokkén Tournament DX
31%
2015 6 Shuffle
31%
2015 6 Super Mystery Dungeon
31%
2012 5 Dream Radar
23%
2020 8 Home
23%
2019 7 Masters EX
23%
2009 4 Mystery Dungeon: Explorers of Sky
23%
2020 8 Mystery Dungeon: Rescue. Team DX
23%
2015 6 Picross
23%
2003 3 Pinball: Ruby and Sapphire
23%
2012 5 Pokédex 3D Pro
23%
2009 4 Rumble
23%
2013 5 Rumble U
23%
2015 6 Rumble World
23%
2014 6 Art Academy
15%
2014 6 Battle Trozei
15%
2017 7 Duel
15%
2008 4 My Pokémon Ranch
15%
2005 3 Pokémon Dash
15%
2000 2 Puzzle Challenge
15%
2011 5 Rumble Blast
15%
2018 7 and 2 Crystal (Virtual)
0%
2013 5 Dungeon: Gates to Infinity
0%
2008 Jetpunk Jetpunk
0%
2006 3 Mystery Dungeon BRT
0%
2006 3 Mystery Dungeon RRT
0%
2015 6 Shuffle Mobile
0%
2000 1 TCG Game Boy Color
0%
2023 Multiple TCG Live
0%
2024 Multiple TCG Pokcet
0%
No matching quizzes found
Score Distribution
Percent of People with Each Score
Percentile by Number Answered
Your Score History
You have not taken this quiz